Unter dem einen Ruf : eine Theologie der okumenischen Bewegung

Saved in:
Bibliographic Details
Main Author: Visser 't Hooft, Willem Adolph, 1900-1985
Other Authors: Smyth, Francoise
Format: Book
Language:German
Published: Stuttgart : Evangelisches Verlagswerk, [1960]
Subjects:
Tags: Add Tag
No Tags, Be the first to tag this record!

MARC

LEADER 00000cam a2200000 i 4500
001 1/30557
008 060531q19501960 ger d
035 |l 10084178 
040 |a GR-MY-UA  |b gre  |e aacr 
041 0 |a ger 
082 0 |a 280.042  |2 (22) 
100 1 |a Visser 't Hooft, Willem Adolph,   |d 1900-1985. 
245 1 0 |a Unter dem einen Ruf :  |b eine Theologie der okumenischen Bewegung /  |c W. A. Visser't Hooft ; mit funf biblischen Studien von Francoise Florentin 
260 |a Stuttgart :   |b Evangelisches Verlagswerk,   |c [1960] 
300 |a 148 σ.;  |c 21 εκ. 
650 0 0 |a Ecumenical movement. 
700 1 |a Smyth, Francoise. 
852 |a INST  |b RHODES  |c KRI  |e 20060531  |h  280.042 VIS  |p 005400020740  |q 005400020740  |t BK  |y 0 
901 |a BIBL4-2006-2 
909 |a Ρ  |b 123671 
970 |a ΚΟΖΑ  |b ΜΑΡΙΑ  |z 2006/05/31